Domáci cestovný ruch v regiónoch cestovného ruchu

Ciele Programu podpory rozvoja cestovného ruchu v Slovenskej republike. Informačno-propagačná kampaň na podporu domáceho cestovného ruchu. Tvorba produktov cestovného ruchu. Spolupráca s regionálnymi a miestnymi organizáciami cestovného ruchu. Problematika financovania cestovného ruchu.

Salvato in:
Dettagli Bibliografici
Autore principale: Kerekeš, Juraj
Natura: Capitolo di libro
Lingua:slovacco
Soggetti:
Tags: Aggiungi Tag
Nessun Tag, puoi essere il primo ad aggiungerne!!

MARC

LEADER 00000naa$a2200000$$$4500
001 0111423
005 20240502072232.0
041 0 |a slo 
044 |a SK 
245 1 0 |a Domáci cestovný ruch v regiónoch cestovného ruchu  |c Juraj Kerekeš 
520 |a Ciele Programu podpory rozvoja cestovného ruchu v Slovenskej republike. Informačno-propagačná kampaň na podporu domáceho cestovného ruchu. Tvorba produktov cestovného ruchu. Spolupráca s regionálnymi a miestnymi organizáciami cestovného ruchu. Problematika financovania cestovného ruchu. 
610 2 0 |a ruch cestovný domáci 
610 2 0 |a regióny 
610 2 0 |a služby 
610 2 0 |a infraštruktúra 
610 2 0 |a samospráva miestna 
610 2 0 |a podnikanie 
610 2 0 |a systémy informačné 
610 2 0 |a propagácia 
610 2 0 |a financovanie 
610 2 0 |a Slovensko 
100 1 |a Kerekeš, Juraj